| 000 | 00506cam a22001934a 4500 | ||
|---|---|---|---|
| 005 | 20250605164320.0 | ||
| 008 | 250528s ||||||||||||||||||||||||d | ||
| 035 | _a22862 | ||
| 020 | _a9780333777503 | ||
| 040 |
_aGR-AtMCL _bgre _dGR-AtMCL _eAACR2 |
||
| 245 | 1 | _aMARKETING MANAGEMENT A RELATIONSHIP MARKETING PROSPECTIVE | |
| 250 | _a1 | ||
| 260 |
_bPalgrave Macmillan, _c2000 |
||
| 300 | _a295 | ||
| 710 | 2 |
_aCranfield School Of Management _99814 |
|
| 942 | _cBK | ||
| 999 |
_c7907 _d7907 |
||